000 00964nam a2200289 c 4500
003 BLK
005 20250510110630.0
008 180408b bul|||||r ||||||| ||bul||
010 _aKNG00090016000
020 _a978-954-491-467-7
_bиздат.: Жанет 45
040 _aBLK
041 _aBUL
_cBUL
080 _aБългарска литература
_b821.163.2
_x-31
_z821.163.2-31
100 1 _aРусков, Милен Костов
_eпърви автор
_9372388
139 _aРусков, Милен Костов
_bР 95
245 1 0 _aЗахвърлен в природата
_bРоман
_cМилен Костов Русков.
257 _aBGR
260 Пловдив
_bЖанет 45
_c2008
300 _a324 с.
_c20 см
380 _aX
852 _aЦб 244375
856 4 _qpdf
_u
856 4 _qpdf
_u
942 _cKNG
_n0
_025
944 _aCR
_c17.06.2009
_k30535
_lХристина Везирева
944 _aED
_c05.02.2014
_k
999 _c85416
_d85416